00892nam a2200217 a 450000100100000000500170001000800410002704000250006808200170009310000310011024500620014126000420020330000210024559000760026665000260034265000300036870000320039891000390043095201880046999900170065700003474120200930073856.0111019s1958 fr 000 f fre d aDO-SdBNPbspacBNPHU a843.7bS825r1 aStendhald1783-184291682313aLe rouge et le noir /cStendhal ; préface Roger Nimier. aParís :bEditions Gallimard,c1958. a512 p. ;c17 cm. aPerteneció a la biblioteca personal de Juan Isidro Jimenes Grullón. 4aNovela francesa91075 4aLiteratura francesa910741 aNimier, Rogerepref.960214 aValidado. Control de calidad BNPHU 001050718MOaGRbGRcHDd2011-10-19iLF1l0o843.7 S825rp34741-10r2020-06-25w2020-06-25y1zPerteneció a la biblioteca personal de Juan Isidro Jimenes- GrullónZNo se presta c34232d34232